[Event "Staufer op 33rd"]
[Site "Schwaebisch Gmuend"]
[Date "2023.01.02"]
[Round "1"]
[White "Wecker, Martin"]
[Black "Meissner, Felix"]
[Result "1-0"]
[WhiteElo "2153"]
[BlackElo "2378"]
[PlyCount "107"]
[EventDate "2023.01.02"]
[EventType "swiss"]
[EventRounds "9"]
[EventCountry "GER"]
[SourceTitle "CBM 212 Extra"]
[Source "ChessBase"]
[SourceDate "2023.03.31"]
[SourceVersion "1"]
[SourceVersionDate "2023.03.31"]
[SourceQuality "1"]

1. Nf3 Nf6 2. c4 g6 3. d4 Bg7 4. g3 0-0 5. Bg2 d5 6. cxd5 Nxd5 7. 0-0 Nb6 8. Nc3 Nc6 9. d5 Na5 10. Qc2 e5 11. Rd1 Nac4 12. b3 Nd6 13. Bb2 f5 14. a4 a6 15. Rac1 Qe7 16. Ba3 Bh6 17. e3 Rb8 18. Ne2 Na8 19. Nd2 b5 20. Qc5 Rf7 21. Qa7 Rb7 22. Qxa8 b4 23. Bb2 Rf8 24. Qxa6 f4 25. Qd3 fxe3 26. fxe3 Bg4 27. Rf1 Rbb8 28. Ne4 Nf5 29. Nf4 exf4 30. exf4 Bg7 31. Bxg7 Nxg7 32. Qc4 Rf7 33. Rfe1 Re8 34. Ng5 Qxe1+ 35. Rxe1 Rxe1+ 36. Kf2 Re2+ 37. Qxe2 Bxe2 38. Nxf7 Ba6 39. Nd8 Nf5 40. Ne6 Kf7 41. g4 Nd6 42. Nxc7 Bd3 43. Ne6 Nb7 44. Bf1 Bxf1 45. Kxf1 Ke7 46. f5 gxf5 47. gxf5 Kf6 48. Nd4 Ke5 49. Nc6+ Kxf5 50. a5 Nc5 51. Nxb4 Nxb3 52. a6 Nd2+ 53. Ke2 Nc4 54. Kd3 1-0

[Event "EU-ch 21st"]
[Site "Reykjavik"]
[Date "2021.09.05"]
[Round "11"]
[White "Koellner, Ruben Gideon"]
[Black "Wecker, Martin"]
[Result "1-0"]
[WhiteElo "2418"]
[BlackElo "2195"]
[PlyCount "42"]
[EventDate "2021.08.26"]
[EventType "swiss"]
[EventRounds "11"]
[EventCountry "ISL"]
[SourceTitle "CBM 204"]
[Source "ChessBase"]
[SourceDate "2021.10.31"]
[SourceVersion "1"]
[SourceVersionDate "2021.10.31"]
[SourceQuality "1"]

1. d4 Nf6 2. Nf3 d5 3. e3 g6 4. Nbd2 Bg7 5. b4 a5 6. b5 c5 7. bxc6 Nxc6 8. a4 0-0 9. Ba3 Re8 10. c3 Ne4 11. Nxe4 dxe4 12. Nd2 e5 13. d5 Qxd5 14. Bc4 Qd8 15. Nxe4 Be6 16. Bxe6 Rxe6 17. Qb3 Bf8 18. 0-0 Bxa3 19. Rxa3 Qe7 20. Ra2 Rc8 21. Rb2 Rc7 1-0

[Event "EU-ch 21st"]
[Site "Reykjavik"]
[Date "2021.09.01"]
[Round "7"]
[White "Wecker, Martin"]
[Black "Druska, Juraj"]
[Result "0-1"]
[WhiteElo "2195"]
[BlackElo "2493"]
[PlyCount "76"]
[EventDate "2021.08.26"]
[EventType "swiss"]
[EventRounds "11"]
[EventCountry "ISL"]
[SourceTitle "CBM 204"]
[Source "ChessBase"]
[SourceDate "2021.10.31"]
[SourceVersion "1"]
[SourceVersionDate "2021.10.31"]
[SourceQuality "1"]

1. d4 d5 2. c4 e6 3. Nf3 Nf6 4. g3 dxc4 5. Bg2 c6 6. 0-0 b5 7. Ne5 Bb7 8. a4 a6 9. b3 cxb3 10. Bb2 Nbd7 11. Nd3 Qb6 12. Qxb3 Be7 13. Rc1 0-0 14. Nd2 Rac8 15. a5 Qa7 16. Ba3 Bxa3 17. Qxa3 Qxd4 18. Nb3 Qa7 19. Nbc5 Rfd8 20. e4 Nxc5 21. Nxc5 Nd7 22. Qb4 h6 23. h4 Nxc5 24. Rxc5 Rd7 25. Rac1 Rcd8 26. Bf3 Rd2 27. Kg2 R8d4 28. Qc3 e5 29. Rxe5 Rxf2+ 30. Kh3 Bc8+ 31. g4 Rc4 32. Re8+ Kh7 33. Qd3 Rxc1 34. e5+ g6 35. Rxc8 Rcc2 36. h5 Rh2+ 37. Kg3 Qf2+ 38. Kf4 Rc4+ 0-1

[Event "EU-ch 21st"]
[Site "Reykjavik"]
[Date "2021.08.27"]
[Round "2"]
[White "Martinovic, Sasa"]
[Black "Wecker, Martin"]
[Result "1/2-1/2"]
[WhiteElo "2548"]
[BlackElo "2195"]
[PlyCount "51"]
[EventDate "2021.08.26"]
[EventType "swiss"]
[EventRounds "11"]
[EventCountry "ISL"]
[SourceTitle "CBM 204"]
[Source "ChessBase"]
[SourceDate "2021.10.31"]
[SourceVersion "1"]
[SourceVersionDate "2021.10.31"]
[SourceQuality "1"]

1. d4 Nf6 2. c4 e6 3. Nc3 Bb4 4. Nf3 d5 5. Qa4+ Nc6 6. a3 Bxc3+ 7. bxc3 dxc4 8. Qxc4 Qd5 9. e3 Qxc4 10. Bxc4 Na5 11. Ba2 b6 12. Bb2 Ba6 13. Nd2 0-0 14. f3 Rac8 15. Kf2 c5 16. Rac1 Rc7 17. e4 Rfc8 18. Bb1 Nc4 19. Nxc4 Bxc4 20. g4 b5 21. h4 Nd7 22. Rce1 Nb6 23. Bc1 Bb3 24. g5 Rd7 25. dxc5 Rxc5 26. Be3 1/2-1/2

[Event "Pfalz op-A 11th"]
[Site "Neustadt an der Weinstrasse"]
[Date "2020.02.22"]
[Round "3"]
[White "Wecker, Martin"]
[Black "Richter, Nils"]
[Result "1/2-1/2"]
[WhiteElo "2146"]
[BlackElo "2354"]
[PlyCount "60"]
[EventDate "2020.02.21"]
[EventType "swiss"]
[EventRounds "9"]
[EventCountry "GER"]
[SourceTitle "CBM 195 Extra"]
[Source "ChessBase"]
[SourceDate "2020.05.31"]
[SourceVersion "1"]
[SourceVersionDate "2020.05.31"]
[SourceQuality "1"]

1. d4 Nf6 2. Nf3 g6 3. c4 Bg7 4. g3 0-0 5. Bg2 d6 6. 0-0 Nc6 7. Nc3 a6 8. b3 Rb8 9. Nd5 e6 10. Nxf6+ Qxf6 11. Bb2 Qe7 12. Qd2 e5 13. d5 Nd8 14. e4 c5 15. Ne1 f5 16. Nd3 f4 17. f3 h5 18. gxf4 exf4 19. Rae1 Be5 20. Nxe5 dxe5 21. d6 Qe6 22. Qd5 Nf7 23. Qxc5 b5 24. Rc1 Bd7 25. Qd5 bxc4 26. Qxc4 Qxd6 27. Rfd1 Qb6+ 28. Qc5 Qe6 29. Qd5 Qb6+ 30. Qc5 Qe6 1/2-1/2

[Event "Staufer op 32nd"]
[Site "Schwaebisch Gmuend"]
[Date "2020.01.02"]
[Round "2"]
[White "Wecker, Martin"]
[Black "Krastev, Alexander"]
[Result "0-1"]
[WhiteElo "2138"]
[BlackElo "2333"]
[PlyCount "64"]
[EventDate "2020.01.02"]
[EventType "swiss"]
[EventRounds "9"]
[EventCountry "GER"]
[SourceTitle "CBM 194 Extra"]
[Source "ChessBase"]
[SourceDate "2020.03.31"]
[SourceVersion "1"]
[SourceVersionDate "2020.03.31"]
[SourceQuality "1"]

1. Nf3 c5 2. c4 g6 3. e4 Bg7 4. d4 cxd4 5. Nxd4 Nc6 6. Be3 Nf6 7. Nc3 0-0 8. Be2 d6 9. 0-0 Bd7 10. Qd2 Nxd4 11. Bxd4 Bc6 12. f3 Nd7 13. Be3 a5 14. b3 Nc5 15. Rab1 e6 16. Rfd1 Be5 17. g3 Qe7 18. Rbc1 b6 19. Bf1 f5 20. exf5 Bxf3 21. fxg6 Bxd1 22. gxh7+ Qxh7 23. Rxd1 Ra7 24. Bg2 Rg7 25. Ne2 Rf6 26. Nf4 Rh6 27. Bf3 Ne4 28. Qg2 Rxh2 29. Qxh2 Rxg3+ 30. Bg2 Qxh2+ 31. Kxh2 Rxe3 32. Rf1 Ng3 0-1

[Event "Bruges Masters"]
[Site "Bruges"]
[Date "2019.08.14"]
[Round "8"]
[White "Wecker, Martin"]
[Black "Quesada Vera, Liordis"]
[Result "0-1"]
[WhiteElo "2134"]
[BlackElo "2397"]
[PlyCount "86"]
[EventDate "2019.08.11"]
[EventType "swiss"]
[EventRounds "9"]
[EventCountry "BEL"]
[SourceTitle "CBM 191 Extra"]
[Source "ChessBase"]
[SourceDate "2019.09.30"]
[SourceVersion "1"]
[SourceVersionDate "2019.09.30"]
[SourceQuality "1"]

1. Nf3 d6 2. d4 Nd7 3. c4 e5 4. Nc3 Be7 5. e4 Ngf6 6. Be2 0-0 7. 0-0 c6 8. Re1 Qe8 9. Bf1 Bd8 10. h3 Ba5 11. Bd2 h6 12. a3 exd4 13. Nxd4 Ne5 14. Qc2 Bb6 15. Be3 Bxh3 16. Nf5 Bxf5 17. Bxb6 Bh7 18. Bd4 c5 19. Be3 Qe6 20. b3 Nfg4 21. f3 Nxe3 22. Rxe3 Nc6 23. Nd5 Rad8 24. Qf2 Kh8 25. Rae1 f6 26. g3 Ne5 27. Kh2 Qe8 28. Bh3 Bg8 29. Kg2 a6 30. a4 Nc6 31. Qd2 Nd4 32. Rd3 Bxd5 33. exd5 Qg6 34. Re7 Rde8 35. Rxe8 Rxe8 36. Re3 Rxe3 37. Qxe3 Qc2+ 38. Kh1 Qd1+ 39. Kg2 f5 40. f4 a5 41. g4 Qxb3 42. Qe8+ Kh7 43. g5 Qf3+ 0-1

[Event "NRW Class2 1819"]
[Site "Germany"]
[Date "2019.04.14"]
[Round "8.7"]
[White "Wecker, Martin"]
[Black "Messarius, Juergen"]
[Result "0-1"]
[WhiteElo "2129"]
[BlackElo "2119"]
[PlyCount "66"]
[EventDate "2018.09.16"]
[EventType "team-tourn"]
[EventRounds "9"]
[EventCountry "GER"]
[SourceTitle "EXT 2022"]
[Source "ChessBase"]
[SourceDate "2021.10.06"]
[SourceVersion "1"]
[SourceVersionDate "2021.10.06"]
[SourceQuality "1"]
[WhiteTeam "Godesberg"]
[BlackTeam "Iserlohn Koenigsspringer"]
[WhiteTeamCountry "GER"]
[BlackTeamCountry "GER"]

1. Nf3 f5 2. g3 d6 3. d4 g6 4. Bg2 Nh6 5. c4 Nf7 6. b3 Bg7 7. Bb2 0-0 8. Nc3 c6 9. 0-0 e5 10. dxe5 dxe5 11. e4 f4 12. Qxd8 Rxd8 13. Rfd1 Re8 14. Rd2 g5 15. Rad1 Na6 16. Bf1 Bg4 17. Kg2 h5 18. h3 Bc8 19. Ne1 Bh6 20. Na4 g4 21. Kh2 fxg3+ 22. fxg3 Bxd2 23. Rxd2 Be6 24. Nd3 Rad8 25. Rf2 Ng5 26. Nxe5 Nxe4 27. Re2 Rd2 28. Rxd2 Nxd2 29. Be2 Rf8 30. Bd4 Nf3+ 31. Nxf3 gxf3 32. Bf1 Rd8 33. Bxa7 Rd1 0-1

[Event "Pfalz op 10th"]
[Site "Neustadt an der Weinstrasse"]
[Date "2019.03.04"]
[Round "6"]
[White "Danin, Alexandre"]
[Black "Wecker, Martin"]
[Result "1/2-1/2"]
[WhiteElo "2526"]
[BlackElo "2145"]
[PlyCount "86"]
[EventDate "2019.03.01"]
[EventType "swiss"]
[EventRounds "9"]
[EventCountry "GER"]
[SourceTitle "CBM 189 Extra"]
[Source "ChessBase"]
[SourceDate "2019.06.03"]
[SourceVersion "1"]
[SourceVersionDate "2019.06.03"]
[SourceQuality "1"]

1. e4 c5 2. Nf3 e6 3. d4 cxd4 4. Nxd4 Nc6 5. Nc3 Qc7 6. Be3 a6 7. Be2 Nf6 8. 0-0 Be7 9. f4 d6 10. Qe1 0-0 11. Qg3 Nxd4 12. Bxd4 b5 13. a3 Bb7 14. Kh1 Rad8 15. Rad1 Bc6 16. Rfe1 Rd7 17. Bf3 Qd8 18. Rd3 g6 19. Red1 Qc8 20. Qh3 Ne8 21. Qh6 Bf6 22. Bxf6 Nxf6 23. Rxd6 Rfd8 24. R6d3 Qb7 25. e5 Ne4 26. Qh4 Nxc3 27. Bxc6 Qxc6 28. bxc3 Qc4 29. Qxd8+ Rxd8 30. Rxd8+ Kg7 31. R8d3 Qxf4 32. Re1 Qf2 33. Rde3 Qxc2 34. Rf3 Qd2 35. Ref1 Qd7 36. h3 Qc7 37. R1f2 Qd7 38. g4 g5 39. Kg1 Qc7 40. Kg2 Qc6 41. Kf1 Qc7 42. Kg2 Qd7 43. Kf1 Qc7 1/2-1/2

[Event "NRW Class2 1819"]
[Site "Germany"]
[Date "2018.09.16"]
[Round "1.6"]
[White "Loseries, Uwe"]
[Black "Wecker, Martin"]
[Result "0-1"]
[WhiteElo "2116"]
[BlackElo "2154"]
[PlyCount "54"]
[EventDate "2018.09.16"]
[EventType "team-tourn"]
[EventRounds "9"]
[EventCountry "GER"]
[SourceTitle "EXT 2022"]
[Source "ChessBase"]
[SourceDate "2021.10.06"]
[SourceVersion "1"]
[SourceVersionDate "2021.10.06"]
[SourceQuality "1"]
[WhiteTeam "Koeln Lasker"]
[BlackTeam "Godesberg"]
[WhiteTeamCountry "GER"]
[BlackTeamCountry "GER"]

1. d4 Nf6 2. c4 e6 3. Nf3 d5 4. Bg5 Bb4+ 5. Nbd2 dxc4 6. e3 b5 7. Be2 Bb7 8. 0-0 a6 9. Qc2 Nbd7 10. Rfd1 h6 11. Bh4 c5 12. a3 Bxd2 13. Rxd2 Qb6 14. Bxf6 Nxf6 15. b3 Be4 16. Qb2 cxd4 17. Rxd4 cxb3 18. a4 bxa4 19. Rdxa4 0-0 20. Nd4 Rfb8 21. Rxa6 Rxa6 22. Rxa6 Qb4 23. Kf1 e5 24. Nc6 Bxc6 25. Rxc6 Ne4 26. f3 Nd2+ 27. Kf2 Qh4+ 0-1

[Event "Ortisei Server24 op 4th"]
[Site "Ortisei"]
[Date "2018.06.24"]
[Round "9"]
[White "Wecker, Martin"]
[Black "Dittmar, Peter"]
[Result "1-0"]
[WhiteElo "2143"]
[BlackElo "2252"]
[PlyCount "69"]
[EventDate "2018.06.16"]
[EventType "tourn"]
[EventRounds "9"]
[EventCountry "ITA"]
[SourceTitle "CBM 185 Extra"]
[Source "ChessBase"]
[SourceDate "2018.07.29"]
[SourceVersion "1"]
[SourceVersionDate "2018.07.29"]
[SourceQuality "1"]

1. Nf3 d5 2. d4 c5 3. c4 dxc4 4. e3 cxd4 5. exd4 Be6 6. Nc3 Nf6 7. Ne5 Nbd7 8. Nxc4 Bxc4 9. Bxc4 e6 10. 0-0 Bd6 11. Qe2 0-0 12. Bg5 h6 13. Bh4 Rc8 14. Bb3 Be7 15. Bg3 Nb6 16. Rad1 Nbd5 17. Ne4 Nxe4 18. Qxe4 Qd7 19. Be5 Nf6 20. Qd3 Rfd8 21. Bc2 g6 22. Bb3 Nd5 23. Qh3 Bf8 24. Rfe1 Bg7 25. Qf3 Qc6 26. h4 Ne7 27. Qf4 Nd5 28. Qe4 a5 29. h5 g5 30. Rc1 Qd7 31. Bc2 f5 32. Qe2 Bxe5 33. Qxe5 Kf7 34. Ba4 Qd6 35. Qxd6 1-0

[Event "Pfalz op-A 9th"]
[Site "Neustadt an der Weinstrasse"]
[Date "2018.02.12"]
[Round "7"]
[White "Wecker, Martin"]
[Black "Woellermann, Jan"]
[Result "0-1"]
[WhiteElo "2151"]
[BlackElo "2375"]
[PlyCount "168"]
[EventDate "2018.02.09"]
[EventType "swiss"]
[EventRounds "9"]
[EventCountry "GER"]
[SourceTitle "CBM 182 Extra"]
[Source "ChessBase"]
[SourceDate "2018.02.23"]
[SourceVersion "1"]
[SourceVersionDate "2018.02.23"]
[SourceQuality "1"]

1. Nf3 d5 2. c4 d4 3. g3 Nc6 4. d3 e5 5. Bg2 Bb4+ 6. Bd2 a5 7. 0-0 Nf6 8. Bg5 0-0 9. Nbd2 Be7 10. Bxf6 Bxf6 11. Qa4 Ra6 12. Rfc1 Bd7 13. c5 Re8 14. a3 Qc8 15. Qc2 Be6 16. Nc4 Bd5 17. Nfd2 Bxg2 18. Kxg2 Be7 19. Nf3 Bxc5 20. Ncxe5 Ba7 21. Nxc6 Rxc6 22. Qd2 Rce6 23. Qxa5 Bb6 24. Qb5 Qd8 25. Rc2 c6 26. Qf5 g6 27. Qg5 Qxg5 28. Nxg5 Rxe2 29. Rac1 Rxc2 30. Rxc2 Re1 31. Nf3 Rd1 32. Rd2 Rb1 33. Re2 Kf8 34. Ne5 Bc7 35. Nf3 c5 36. Rc2 Bd6 37. Re2 b6 38. Ne1 Be7 39. Nf3 f6 40. Rc2 Ke8 41. Nd2 Re1 42. Nf3 Rd1 43. Rd2 Rb1 44. Rc2 Kd7 45. Nd2 Rd1 46. Kf3 f5 47. Ke2 Ra1 48. Nb3 Rh1 49. h4 f4 50. Kf3 fxg3 51. fxg3 Bd6 52. Kg2 Re1 53. Rf2 Rb1 54. a4 Ke6 55. g4 h5 56. g5 Kd5 57. a5 bxa5 58. Nxa5 Rd1 59. Nc4 Rxd3 60. Nxd6 Kxd6 61. Rf6+ Kd5 62. Rxg6 Rd2+ 63. Kf3 Rh2 64. Kg3 Rxb2 65. Rg8 Kc4 66. g6 d3 67. g7 Rb7 68. Kf2 Re7 69. Kf1 d2 70. Rd8 Rxg7 71. Rxd2 Rg4 72. Ra2 Kb3 73. Rf2 c4 74. Ke2 c3 75. Rf8 Rxh4 76. Rb8+ Rb4 77. Rc8 Rc4 78. Rb8+ Kc2 79. Re8 Rc5 80. Re7 Kb1 81. Rb7+ Kc1 82. Re7 c2 83. Re8 Kb2 84. Rb8+ Kc3 0-1

[Event "Erfurt MT op 27th"]
[Site "Erfurt"]
[Date "2017.12.29"]
[Round "6"]
[White "Wecker, Martin"]
[Black "Schiffer, Stefan"]
[Result "1/2-1/2"]
[WhiteElo "2139"]
[BlackElo "2250"]
[PlyCount "44"]
[EventDate "2017.12.26"]
[EventType "swiss"]
[EventRounds "8"]
[EventCountry "GER"]
[SourceTitle "CBM 182 Extra"]
[Source "ChessBase"]
[SourceDate "2018.02.23"]
[SourceVersion "1"]
[SourceVersionDate "2018.02.23"]
[SourceQuality "1"]

1. d4 Nf6 2. c4 e6 3. Nf3 b6 4. g3 Ba6 5. b3 Bb4+ 6. Bd2 Be7 7. Bg2 0-0 8. Ne5 d5 9. Nc3 c6 10. 0-0 dxc4 11. Bxc6 Nxc6 12. Nxc6 Qd7 13. Nxe7+ Qxe7 14. Bg5 h6 15. Bxf6 Qxf6 16. Qd2 Rfd8 17. Rfd1 Rac8 18. e4 Bb7 19. Qe3 a5 20. Rab1 Qe7 21. bxc4 Rxc4 22. Rxb6 Qc7 1/2-1/2

[Event "Erfurt MT op 27th"]
[Site "Erfurt"]
[Date "2017.12.27"]
[Round "3"]
[White "Wecker, Martin"]
[Black "Skibbe, Willi"]
[Result "1/2-1/2"]
[WhiteElo "2139"]
[BlackElo "2293"]
[PlyCount "44"]
[EventDate "2017.12.26"]
[EventType "swiss"]
[EventRounds "8"]
[EventCountry "GER"]
[SourceTitle "CBM 182 Extra"]
[Source "ChessBase"]
[SourceDate "2018.02.23"]
[SourceVersion "1"]
[SourceVersionDate "2018.02.23"]
[SourceQuality "1"]

1. d4 d5 2. c4 c6 3. Nc3 Nf6 4. e3 e6 5. Nf3 Nbd7 6. Bd3 dxc4 7. Bxc4 b5 8. Bd3 Bd6 9. 0-0 0-0 10. Bd2 Bb7 11. Rc1 Rc8 12. Qe2 Re8 13. Rfd1 a6 14. Be1 c5 15. Ne5 Qb6 16. Nxd7 Nxd7 17. Ne4 Be7 18. Nxc5 Nxc5 19. dxc5 Rxc5 20. Rxc5 Bxc5 21. a3 Qc6 22. f3 Qb6 1/2-1/2

[Event "Helsingor Xtracon op"]
[Site "Helsingor"]
[Date "2017.07.29"]
[Round "9"]
[White "Dishman, Stephen"]
[Black "Wecker, Martin"]
[Result "1-0"]
[WhiteElo "2313"]
[BlackElo "2095"]
[PlyCount "35"]
[EventDate "2017.07.22"]
[EventType "swiss"]
[EventRounds "10"]
[EventCountry "DEN"]
[SourceTitle "CBM 179 Extra"]
[Source "ChessBase"]
[SourceDate "2017.08.23"]
[SourceVersion "1"]
[SourceVersionDate "2017.08.23"]
[SourceQuality "1"]

1. d4 Nf6 2. Bg5 d5 3. e3 c5 4. Bxf6 gxf6 5. Nc3 Nc6 6. Qh5 e6 7. Nf3 a6 8. dxc5 Bxc5 9. Bd3 f5 10. 0-0-0 Bd7 11. Bxf5 exf5 12. Ng5 Rf8 13. Nxd5 Be7 14. Nxh7 Rg8 15. Qh6 Rg6 16. Ndf6+ Rxf6 17. Qg7 Bf8 18. Qxf8# 1-0

[Event "Helsingor Xtracon op"]
[Site "Helsingor"]
[Date "2017.07.26"]
[Round "6"]
[White "Shehzad, Shazil Khan"]
[Black "Wecker, Martin"]
[Result "0-1"]
[WhiteElo "1678"]
[BlackElo "2095"]
[PlyCount "62"]
[EventDate "2017.07.22"]
[EventType "swiss"]
[EventRounds "10"]
[EventCountry "DEN"]
[SourceTitle "CBM 179 Extra"]
[Source "ChessBase"]
[SourceDate "2017.08.23"]
[SourceVersion "1"]
[SourceVersionDate "2017.08.23"]
[SourceQuality "1"]

1. e4 c5 2. Nf3 e6 3. d4 cxd4 4. Nxd4 Nc6 5. Nc3 Qc7 6. Be2 a6 7. 0-0 Nf6 8. Be3 Be7 9. a4 d6 10. f4 0-0 11. Bf3 Nxd4 12. Bxd4 Bd7 13. a5 Bc6 14. Qd3 Nd7 15. g3 Rac8 16. Rf2 Rfe8 17. b3 Bf8 18. Rd2 e5 19. Be3 exf4 20. gxf4 Nc5 21. Bxc5 dxc5 22. Qe2 Qxf4 23. Rad1 c4 24. bxc4 Bb4 25. Rd3 Bxc3 26. Rxc3 Qe5 27. Ra3 f5 28. Re3 Qc5 29. Kh1 fxe4 30. Bxe4 Rxe4 31. Rxe4 Re8 0-1